<?xml version="1.0" encoding="UTF-8"?>
<record
    xmlns:xsi="http://www.w3.org/2001/XMLSchema-instance"
    xsi:schemaLocation="http://www.loc.gov/MARC21/slim http://www.loc.gov/standards/marcxml/schema/MARC21slim.xsd"
    xmlns="http://www.loc.gov/MARC21/slim">

  <leader>01318nam a22002295a 4500</leader>
  <controlfield tag="003">OSt</controlfield>
  <controlfield tag="005">20180123145923.0</controlfield>
  <controlfield tag="008">180123s2013    ua     frb    000 0 ara d</controlfield>
  <datafield tag="040" ind1=" " ind2=" ">
    <subfield code="a">EG-ScBUE</subfield>
    <subfield code="b">ara</subfield>
    <subfield code="c">EG-ScBUE</subfield>
  </datafield>
  <datafield tag="043" ind1=" " ind2=" ">
    <subfield code="a">f-ua---</subfield>
  </datafield>
  <datafield tag="082" ind1="0" ind2="4">
    <subfield code="a">343.0252</subfield>
    <subfield code="b">&#x645; &#x62D; &#x645;</subfield>
    <subfield code="2">22</subfield>
  </datafield>
  <datafield tag="100" ind1="1" ind2=" ">
    <subfield code="a">&#x645;&#x62D;&#x645;&#x62F;&#x60C; &#x639;&#x62C;&#x645;&#x64A; &#x645;&#x646;&#x635;&#x648;&#x631;.</subfield>
  </datafield>
  <datafield tag="245" ind1="1" ind2="2">
    <subfield code="a">&#x627;&#x644;&#x645;&#x634;&#x643;&#x644;&#x627;&#x62A; &#x627;&#x644;&#x639;&#x645;&#x644;&#x64A;&#x629; &#x641;&#x64A; &#x646;&#x632;&#x639; &#x627;&#x644;&#x645;&#x644;&#x643;&#x64A;&#x629; &#x627;&#x644;&#x639;&#x642;&#x627;&#x631;&#x64A;&#x629; &#x648;&#x627;&#x644;&#x627;&#x633;&#x62A;&#x64A;&#x644;&#x627;&#x621; &#x627;&#x644;&#x645;&#x624;&#x642;&#x62A; &#x639;&#x644;&#x64A;&#x647;&#x627; :</subfield>
    <subfield code="b">&#x641;&#x64A; &#x636;&#x648;&#x621; &#x642;&#x648;&#x627;&#x646;&#x64A;&#x646; &#x646;&#x632;&#x639; &#x627;&#x644;&#x645;&#x644;&#x643;&#x64A;&#x629; &#x627;&#x644;&#x639;&#x642;&#x627;&#x631;&#x64A;&#x629; &#x648;&#x627;&#x644;&#x627;&#x633;&#x62A;&#x64A;&#x644;&#x627;&#x621; &#x627;&#x644;&#x645;&#x624;&#x642;&#x62A; &#x639;&#x644;&#x64A;&#x647;&#x627; &#x648;&#x627;&#x644;&#x62A;&#x634;&#x631;&#x64A;&#x639;&#x627;&#x62A; &#x627;&#x644;&#x645;&#x631;&#x62A;&#x628;&#x637;&#x629; &#x628;&#x647;&#x627; &#x645;&#x639;&#x644;&#x642;&#x627; &#x639;&#x644;&#x64A;&#x647;&#x627; &#x628;&#x623;&#x62D;&#x643;&#x627;&#x645; &#x645;&#x62D;&#x643;&#x645;&#x629; &#x627;&#x644;&#x646;&#x642;&#x636; &#x645;&#x646;&#x630; &#x625;&#x646;&#x634;&#x627;&#x626;&#x647;&#x627; &#x648;&#x62D;&#x62A;&#x649; &#x627;&#x644;&#x622;&#x646; &#x648;&#x641;&#x62A;&#x627;&#x648;&#x649; &#x648;&#x623;&#x62D;&#x643;&#x627;&#x645; &#x645;&#x62D;&#x627;&#x643;&#x645; &#x645;&#x62C;&#x644;&#x633; &#x627;&#x644;&#x62F;&#x648;&#x644;&#x629; &#x648;&#x623;&#x62D;&#x643;&#x627;&#x645; &#x627;&#x644;&#x645;&#x62D;&#x643;&#x645;&#x629; &#x627;&#x644;&#x62F;&#x633;&#x62A;&#x648;&#x631;&#x64A;&#x629; &#x627;&#x644;&#x639;&#x644;&#x64A;&#x627; /</subfield>
    <subfield code="c">&#x639;&#x62C;&#x645;&#x64A; &#x645;&#x646;&#x635;&#x648;&#x631; &#x645;&#x62D;&#x645;&#x62F;.</subfield>
  </datafield>
  <datafield tag="260" ind1=" " ind2=" ">
    <subfield code="a">&#x627;&#x644;&#x642;&#x627;&#x647;&#x631;&#x629; :</subfield>
    <subfield code="b">&#x646;&#x627;&#x62F;&#x64A; &#x627;&#x644;&#x642;&#x636;&#x627;&#x629;&#x60C;</subfield>
    <subfield code="c">2013.</subfield>
  </datafield>
  <datafield tag="504" ind1=" " ind2=" ">
    <subfield code="a">&#x64A;&#x634;&#x62A;&#x645;&#x644; &#x639;&#x644;&#x649; &#x625;&#x631;&#x62C;&#x627;&#x639;&#x627;&#x62A; &#x628;&#x628;&#x644;&#x64A;&#x648;&#x62C;&#x631;&#x627;&#x641;&#x64A;&#x629;.</subfield>
  </datafield>
  <datafield tag="541" ind1=" " ind2=" ">
    <subfield code="a">&#x62F;&#x643;&#x62A;&#x648;&#x631; &#x623;&#x62D;&#x645;&#x62F; &#x62D;&#x645;&#x62F; &#x61B;</subfield>
    <subfield code="c">&#x625;&#x647;&#x62F;&#x627;&#x621; &#x61B;</subfield>
  </datafield>
  <datafield tag="650" ind1=" " ind2="7">
    <subfield code="a">&#x646;&#x632;&#x639; &#x627;&#x644;&#x645;&#x644;&#x643;&#x64A;&#x629;</subfield>
    <subfield code="x">&#x642;&#x648;&#x627;&#x646;&#x64A;&#x646; &#x648;&#x62A;&#x634;&#x631;&#x64A;&#x639;&#x627;&#x62A;</subfield>
    <subfield code="z">&#x645;&#x635;&#x631;.</subfield>
    <subfield code="2">BUEsh</subfield>
  </datafield>
  <datafield tag="650" ind1=" " ind2="7">
    <subfield code="a">&#x627;&#x644;&#x645;&#x644;&#x643;&#x64A;&#x629; &#x627;&#x644;&#x639;&#x642;&#x627;&#x631;&#x64A;&#x629;</subfield>
    <subfield code="x">&#x642;&#x648;&#x627;&#x646;&#x64A;&#x646; &#x648;&#x62A;&#x634;&#x631;&#x64A;&#x639;&#x627;&#x62A;</subfield>
    <subfield code="z">&#x645;&#x635;&#x631;.</subfield>
    <subfield code="2">BUEsh</subfield>
    <subfield code="9">40901</subfield>
  </datafield>
  <datafield tag="651" ind1=" " ind2=" ">
    <subfield code="2">BUEsh</subfield>
  </datafield>
  <datafield tag="653" ind1=" " ind2=" ">
    <subfield code="b">LLAAWW</subfield>
    <subfield code="c">January2018</subfield>
  </datafield>
  <datafield tag="942" ind1=" " ind2=" ">
    <subfield code="2">ddc</subfield>
  </datafield>
  <datafield tag="999" ind1=" " ind2=" ">
    <subfield code="c">26004</subfield>
    <subfield code="d">25976</subfield>
  </datafield>
  <datafield tag="952" ind1=" " ind2=" ">
    <subfield code="0">0</subfield>
    <subfield code="1">0</subfield>
    <subfield code="2">ddc</subfield>
    <subfield code="4">0</subfield>
    <subfield code="7">0</subfield>
    <subfield code="8">Donation-G</subfield>
    <subfield code="a">MAIN</subfield>
    <subfield code="b">MAIN</subfield>
    <subfield code="c">1ST</subfield>
    <subfield code="d">2018-01-23</subfield>
    <subfield code="e">Donation</subfield>
    <subfield code="o">343.0252 &#x645; &#x62D; &#x645;</subfield>
    <subfield code="p">000042873</subfield>
    <subfield code="r">2025-07-15 00:00:00</subfield>
    <subfield code="s">2022-04-20</subfield>
    <subfield code="x">&#x625;&#x647;&#x62F;&#x627;&#x621; &#x645;&#x646; &#x62F;&#x643;&#x62A;&#x648;&#x631; &#x623;&#x62D;&#x645;&#x62F; &#x62D;&#x645;&#x62F;</subfield>
    <subfield code="y">BB</subfield>
  </datafield>
</record>
